A Textbook of environment and ecology for pharmacy Student (Record no. 6347)

MARC details
000 -LEADER
fixed length control field 00457nam a22001697a 4500
005 - DATE AND TIME OF LATEST TRANSACTION
control field 20210825143803.0
008 - FIXED-LENGTH DATA ELEMENTS--GENERAL INFORMATION
fixed length control field 200520b xxu||||| |||| 00| 0 eng d
020 ## - INTERNATIONAL STANDARD BOOK NUMBER
ISBN 978817473366
041 ## - LANGUAGE CODE
Language code of text/sound track or separate title eng
082 ## - DEWEY DECIMAL CLASSIFICATION NUMBER
Classification number 616 SIN
100 ## - MAIN ENTRY--AUTHOR NAME
Personal name Sinha, Shradha Shukla Manisha and Others
245 ## - TITLE STATEMENT
Title A Textbook of environment and ecology for pharmacy Student
260 ## - PUBLICATION, DISTRIBUTION, ETC. (IMPRINT)
Place of publication Delhi
Name of publisher AITBS PUBLISHERS
300 ## - PHYSICAL DESCRIPTION
Number of Pages 256p
650 ## - SUBJECT ADDED ENTRY--TOPICAL TERM
Topical Term Pharmacy
942 ## - ADDED ENTRY ELEMENTS (KOHA)
Koha item type Books
Holdings
Lost status Damaged status Collection code Home library Current library Shelving location Date acquired Source of acquisition Cost, normal purchase price Full call number Accession Number Koha item type
    PHARMACY JRU Library JRU Library Shelf - 26- I 01/06/2020 PURCHASE 220.00 616 SIN 24143 Books